Web design : The complete reference /

Gorde:
Xehetasun bibliografikoak
Egile nagusia: Powell, Thomas A.
Formatua: Sách giấy
Hizkuntza:English
Argitaratua: California : McGraw-Hill, 2000
Etiketak: Etiketa erantsi
Etiketarik gabe, Izan zaitez lehena erregistro honi etiketa jartzen!
Thư viện lưu trữ: Thư viện Trường Đại học Đà Lạt
LEADER 00566nam a2200241 4500
001 DLU020018490
005 ##9/24/2001
020 # # |a 978- 
041 # # |a eng 
082 # # |a 004.65  |b PO-T 
100 # # |a Powell, Thomas A. 
245 # # |a Web design :  |b The complete reference /  |c Powell Thomas A. 
260 # # |a California :  |b McGraw-Hill,  |c 2000 
300 # # |a 872 tr., XX;   |c 23 cm. 
992 # # |a 516454 
994 # # |a DLU 
900 # # |a False 
911 # # |a Administrator 
925 # # |a G 
926 # # |a A 
927 # # |a SH 
980 # # |a Thư viện Trường Đại học Đà Lạt